Tous les vainqueurs, finalistes et troisième de la coupe de l'OFC - Statistiques

Statistiques générales
  • Ce quiz a été pris 45 fois
    12 depuis la dernière actualisation
  • Le résultat moyen est 30 sur 33
Statistiques - réponses
Année Position Réponse % Correct
1980 Vainqueur Australie
100%
1996 Vainqueur Australie
100%
Finaliste Australie
100%
2000 Vainqueur Australie
100%
Finaliste Australie
100%
2004 Vainqueur Australie
100%
Troisième Fidji
100%
Troisième Fidji
100%
1973 Vainqueur Nouvelle Zélande
100%
1998 Vainqueur Nouvelle Zélande
100%
Finaliste Nouvelle Zélande
100%
2002 Vainqueur Nouvelle Zélande
100%
Troisième Nouvelle Zélande
100%
2008 Vainqueur Nouvelle Zélande
100%
Troisième Nouvelle Zélande
100%
2016 Vainqueur Nouvelle Zélande
100%
2024 Vainqueur Nouvelle Zélande
100%
Troisième Nouvelle Zélande / Salomon
100%
Finaliste Papouasie Nouvelle Guinée
100%
Troisième Nouvelle Calédonie / Salomon
83%
Finaliste Vanuatu
83%
Troisième Nouvelle Calédonie
75%
Troisième Nouvelle Calédonie
75%
Finaliste Nouvelle Calédonie
75%
Finaliste Nouvelle Calédonie
75%
Troisième Salomon
75%
Finaliste Salomon
75%
Finaliste Tahiti
75%
Finaliste Tahiti
75%
Finaliste Tahiti
75%
Troisième Tahiti
75%
2012 Vainqueur Tahiti
75%
Troisième Tahiti
75%
Aucun quiz correspondant
Distribution des résultats
% des personnes avec chaque résultat
Percentile par nombre de réponses
Votre historique - résultats
Vous n’avez pas pris ce quiz depuis la dernière actualisation